00511nam a2200145Ia 4500008004100000041000800041082002100049100001400070245005500084260003200139300003400171365001100205999001500216952013400231240624s9999 xx 000 0 und d aeng a658.15120218 SAI aSAINI A L aINTERNATIONAL FINANCIAL REPORTING STANDARDS IFRS U c2004aNew DelhibSnow White axlviii, : 780 : p. : cm. ; 26 cRSb20 c5100d5100 00104070aIMTNbIMTNcRack 25-Ad2007-04-19eWBDg650.00n20071o658.15120218 SAIp5100r2024-06-24 00:00:00t1w2024-06-24yBK